You Too Can (Record no. 344742)

MARC details
000 -LEADER
fixed length control field 00483nam a2200169Ia 4500
008 - FIXED-LENGTH DATA ELEMENTS--GENERAL INFORMATION
fixed length control field 230718s9999 xx 000 0 und d
020 ## - INTERNATIONAL STANDARD BOOK NUMBER
International Standard Book Number 9789384038564
041 ## - LANGUAGE CODE
Language code of text/sound track or separate title eng
082 ## - DEWEY DECIMAL CLASSIFICATION NUMBER
Classification number 658.1
Item number IYE
100 ## - MAIN ENTRY--PERSONAL NAME
Personal name Iyer P.
9 (RLIN) 112607
245 ## - TITLE STATEMENT
Title You Too Can
Remainder of title Inspiration, Wisdom And Advice From Entrepreneurs
260 ## - PUBLICATION, DISTRIBUTION, ETC. (IMPRINT)
Date of publication, distribution, etc. 2017
Name of publisher, distributor, etc. Times Group Books
300 ## - PHYSICAL DESCRIPTION
Extent 223
365 ## - TRADE PRICE
Currency code Rs.
Price amount 249.00
700 ## - ADDED ENTRY--PERSONAL NAME
Personal name Iyer P.
9 (RLIN) 112607
906 ## - LOCAL DATA ELEMENT F, LDF (RLIN)
d O:0554614-Jun-2017B:320404-May-2017
c MGMT
b 54.78
Holdings
Withdrawn status Lost status Damaged status Not for loan Home library Current library Date acquired Vendor Budget Code Cost, normal purchase price Bill number Total Checkouts Full call number Barcode Date last seen Discount Cost, replacement price Bill Date Koha item type Original Barcode
        Cummins College of Engineering for Women Pune Cummins College of Engineering for Women Pune 14/06/2017 Technical Book Services MGMT 194.22 3204   658.1 CCEP-BK-55949 18/07/2023 54.78 249.00 04/05/2017 Books 055949